Olympic Sports That Begin With F - Statistics

General Stats
  • This quiz has been taken 16 times
  • The average score is 3 of 6
Answer Stats
Introduced Sport % Correct
Athens 1896 Fencing
93%
Paris 1900 Football
79%
Calgary 1988 Freestyle Skiing
43%
Los Angeles 2028 Flag Football
36%
London 1908 Figure Skating
21%
Youth Olympics Futsal
14%
No matching quizzes found
Score Distribution
Percent of People with Each Score
Percentile by Number Answered
Your Score History
You have not taken this quiz